[Event "AUTO-ELITE-425"]
[Site "http://www.queenalice.com/game.php?id=672961"]
[Date "2009.10.26"]
[Round "1"]
[White "PunditJi"]
[Black "ads"]
[Result "0-1"]
[WhiteElo "2300"]
[BlackElo "2565"]

1. d4 d5 2. c4 c6 3. Nf3 Nf6 4. Nc3 e6 5. e3 Nbd7 6. Bd3 dxc4 7. Bxc4 b5 8. Bd3
Bb7 9. O-O a6 10. a4 b4 11. Ne4 c5 12. Ned2 Be7 13. Re1 Qc7 14. e4 O-O 15. Qc2
h6 16. b3 Rac8 17. Bb2 cxd4 18. Qxc7 Rxc7 19. Bxd4 Rfc8 20. Rad1 Nc5 21. Bb1
Nfd7 22. Re3 Rd8 23. Rc1 f6 24. Bb2 Nf8 25. e5 f5 26. Rc4 Bg5 27. Re2 a5 28. h4
Bxd2 29. Rxd2 Bd5 30. Rc1 Rdd7 31. Rdc2 Bxb3 32. Rxc5 Rxc5 33. Rxc5 Rd1+ 34. Kh2
Rxb1 35. Bd4 Bxa4 36. Rxa5 Bc6 37. Kg3 Rd1 38. Bb2 Bd5 39. Ra1 Rd3 40. h5 b3 41.
Ra4 g5 42. hxg6 Nxg6 43. Ra6 Rd1 44. Ra1 Bxf3 45. Kxf3 Rd3+ 46. Ke2 Nf4+ 47. Kf1
Rd2 48. Rb1 Nd3 49. Bd4 b2 50. g3 Kf7 51. Kg2 Rc2 52. Kf3 Ke8 53. Ke3 Nxf2 54.
Kf4 Nd1 0-1

[Event "AUTO-ELITE-357"]
[Site "http://www.queenalice.com/game.php?id=693765"]
[Date "2009.12.6"]
[Round "3"]
[White "mateintwo"]
[Black "ads"]
[Result "1/2-1/2"]
[WhiteElo "2607"]
[BlackElo "2568"]

1. e4 c5 2. Nf3 d6 3. d4 cxd4 4. Nxd4 Nf6 5. Nc3 a6 6. Be3 e5 7. Nb3 Be6 8. f3
h5 9. Nd5 Bxd5 10. exd5 Nbd7 11. Qd2 g6 12. O-O-O Nb6 13. Qa5 Bh6 14. Bxh6 Rxh6
15. Kb1 Rc8 16. Qb4 Kf8 17. c4 Kg7 18. g3 Rh8 19. Rc1 Qc7 20. Bh3 Nxc4 21. Bxc8
Rxc8 22. Rhd1 b5 1/2-1/2

[Event "AUTO-ELITE-357"]
[Site "http://www.queenalice.com/game.php?id=693766"]
[Date "2009.12.6"]
[Round "3"]
[White "ads"]
[Black "mateintwo"]
[Result "1/2-1/2"]
[WhiteElo "2569"]
[BlackElo "2606"]

1. d4 Nf6 2. c4 e6 3. Nf3 d5 4. Nc3 c6 5. e3 Nbd7 6. Bd3 dxc4 7. Bxc4 b5 8. Bd3
Bb7 9. e4 b4 10. Na4 c5 11. e5 Nd5 12. O-O cxd4 13. Re1 Be7 14. Nxd4 O-O 15. Qg4
Re8 16. Bb5 Kh8 17. Bd2 a6 18. Bc6 Qc7 19. Rac1 Nxe5 20. Bxb7 Nxg4 21. Rxc7 Nxc7
22. Bxa8 Rxa8 23. Nc6 Bf8 24. Bxb4 Bxb4 1/2-1/2

[Event "AUTO-ELITE-425"]
[Site "http://www.queenalice.com/game.php?id=756025"]
[Date "2010.4.4"]
[Round "2"]
[White "ads"]
[Black "Pollyanna"]
[Result "1-0"]
[WhiteElo "2572"]
[BlackElo "2495"]

1. d4 Nf6 2. c4 e6 3. Nf3 c5 4. d5 b5 5. Bg5 h6 6. Bxf6 Qxf6 7. Nc3 b4 8. Nb5
Na6 9. Qd2 Bb7 10. e4 Be7 11. e5 Qg6 12. Be2 exd5 13. cxd5 O-O 14. O-O Qb6 15.
Bc4 d6 16. a4 Nb8 17. a5 Qd8 18. a6 1-0

[Event "AUTO-ELITE-425"]
[Site "http://www.queenalice.com/game.php?id=756026"]
[Date "2010.4.4"]
[Round "2"]
[White "Pollyanna"]
[Black "ads"]
[Result "1/2-1/2"]
[WhiteElo "2497"]
[BlackElo "2584"]

1. e4 c6 2. d4 d5 3. e5 Bf5 4. Nf3 e6 5. Be2 Nd7 6. O-O h6 7. Nbd2 Ne7 8. c3 Bh7
9. Re1 Nc8 10. Nf1 Be7 11. a4 a5 12. Ng3 O-O 13. Bd3 Bxd3 14. Qxd3 c5 15. Nh5
Kh8 16. Qe3 Rg8 17. Bd2 Ncb6 18. Qf4 Qf8 19. Qg4 Nc4 20. Bc1 Rc8 21. b3 Ncb6 22.
Bd2 c4 23. Reb1 Rc7 24. Qh3 cxb3 25. Rxb3 Nc4 26. Bc1 b6 27. Ng5 Rc6 28. Ra2 Qe8
29. Nf3 Qd8 30. Nf4 Re8 31. Qg4 Rc8 32. Ra1 Qc7 33. Nh5 Rg8 1/2-1/2

[Event "QA-ANNIV-05"]
[Site "http://www.queenalice.com/game.php?id=793784"]
[Date "2010.6.23"]
[Round "5"]
[White "simonjscott"]
[Black "ads"]
[Result "0-1"]
[WhiteElo "2111"]
[BlackElo "2583"]

1. e4 b6 2. d4 Bb7 3. Bd3 Nf6 4. Qe2 Nc6 5. Nf3 Nb4 6. Nc3 Nxd3+ 7. Qxd3 e6 8.
O-O d5 9. e5 Ne4 10. Re1 Be7 11. Qb5+ c6 12. Qd3 Nxc3 13. Qxc3 O-O 14. Bd2 c5
15. Qd3 h6 16. h3 Qd7 17. c3 a5 18. Be3 Ba6 19. Qd2 a4 20. Nh2 cxd4 21. cxd4 Qb5
22. a3 Rac8 23. Ng4 h5 24. Nh2 Rc4 25. Rac1 Rfc8 26. Rxc4 dxc4 27. Qc3 Qb3 28.
Bc1 Bxa3 29. Qd2 Bb4 30. Re3 Bxd2 31. Rxb3 cxb3 0-1

[Event "AUTO-OPEN-1668"]
[Site "http://www.queenalice.com/game.php?id=801093"]
[Date "2010.7.10"]
[Round "2"]
[White "drd123"]
[Black "ads"]
[Result "0-1"]
[WhiteElo "2154"]
[BlackElo "2582"]

1. Nf3 c6 2. g3 Nf6 3. Bg2 d5 4. d3 g6 5. O-O Bg7 6. Nbd2 O-O 7. c4 Re8 8. cxd5
cxd5 9. Re1 Nc6 10. Rb1 e5 11. e4 Be6 12. Ng5 Bg4 13. Qb3 Nd4 14. Qxb7 Re7 15.
Qa6 Bd7 16. Nb3 Bb5 17. Qa5 Bxd3 18. Qxd8+ Rxd8 19. Nxd4 exd4 20. Ra1 dxe4 21.
Bd2 h6 22. Nh3 Bc2 23. Nf4 Rb8 24. b3 g5 25. Ne2 Nd5 26. Rac1 d3 27. Rxc2 dxc2
28. Nc1 Rbe8 29. Kf1 e3 30. fxe3 Nxe3+ 31. Bxe3 Rxe3 32. Rxe3 Rxe3 33. Kf2 Bd4
0-1

[Event "AUTO-OPEN-1668"]
[Site "http://www.queenalice.com/game.php?id=801094"]
[Date "2010.7.10"]
[Round "2"]
[White "ads"]
[Black "drd123"]
[Result "1-0"]
[WhiteElo "2579"]
[BlackElo "2119"]

1. e4 g6 2. d4 Bg7 3. Nc3 d6 4. Be3 Nd7 5. Qd2 e5 6. O-O-O Ne7 7. h4 O-O 8. h5
f5 9. hxg6 hxg6 10. Bc4+ Rf7 11. Nf3 Nb6 12. Bxf7+ Kxf7 13. Bh6 Bf6 14. dxe5 1-0

[Event "AUTO-OPEN-1668"]
[Site "http://www.queenalice.com/game.php?id=817372"]
[Date "2010.8.12"]
[Round "3"]
[White "Kuarwaki"]
[Black "ads"]
[Result "1/2-1/2"]
[WhiteElo "2516"]
[BlackElo "2583"]

1. d4 c6 2. c4 d5 3. cxd5 cxd5 4. Nc3 Nf6 5. Bf4 Nc6 6. e3 a6 7. Rc1 Bf5 8. Nf3
e6 9. Bd3 Bxd3 10. Qxd3 Bd6 11. Bxd6 Qxd6 12. O-O O-O 13. Na4 Qb4 14. Qd1 Ne4
15. Ne1 Qa5 16. Nd3 Rfc8 17. Ndc5 Nxc5 18. Rxc5 b5 19. b3 g6 20. Qc2 Ne7 21. Rc1
Qd8 22. Rxc8 Nxc8 23. Nc5 Nd6 24. g3 b4 25. Kg2 a5 26. Qe2 Rb8 27. h4 h5 28. Qf1
Rc8 29. Qa6 Kg7 30. Ra1 Ne4 31. Rc1 Nd6 32. Qd3 Kg8 33. Qa6 Kg7 1/2-1/2

[Event "AUTO-OPEN-1668"]
[Site "http://www.queenalice.com/game.php?id=817373"]
[Date "2010.8.12"]
[Round "3"]
[White "ads"]
[Black "Kuarwaki"]
[Result "1-0"]
[WhiteElo "2582"]
[BlackElo "2519"]

1. c4 c5 2. Nc3 Nc6 3. g3 g6 4. Bg2 Bg7 5. Nf3 Nf6 6. O-O O-O 7. d4 cxd4 8. Nxd4
Qa5 9. Nb3 Qh5 10. e4 d6 11. Qxh5 Nxh5 12. Nd5 Bg4 13. f3 Be6 14. Rf2 a5 15. a4
Bxd5 16. exd5 Ne5 17. Bf1 Rfc8 18. Nd2 Rc7 19. Rb1 Nd7 20. Re2 Nc5 21. b3 Bd4+
22. Kg2 Nf6 23. Ba3 Re8 24. f4 Bc3 25. Nf3 Kg7 26. Re3 Bb4 27. Bxb4 axb4 28. Nd4
Ng4 29. Re2 Nf6 30. Nc2 Nfe4 31. Rbe1 Nc3 32. Re3 Na6 33. Nd4 Nc5 34. g4 Kf8 35.
Kg3 Rcc8 36. h4 Nd7 37. Bd3 Ra8 38. Nc2 Ra6 39. h5 Rea8 40. Nd4 Re8 41. hxg6
hxg6 42. f5 g5 43. Rh1 Raa8 44. f6 Nxf6 45. Nf5 Kg8 46. Kf3 1-0

[Event "QA-ANNIV-06"]
[Site "http://www.queenalice.com/game.php?id=837057"]
[Date "2010.9.23"]
[Round "2"]
[White "ads"]
[Black "falekhine"]
[Result "1-0"]
[WhiteElo "2582"]
[BlackElo "2095"]

1. e4 c6 2. c4 d5 3. cxd5 cxd5 4. exd5 Qxd5 5. Nc3 Qd8 6. d4 a6 7. Bc4 Nf6 8.
Nf3 e6 9. O-O b5 10. Bb3 Bb7 11. d5 b4 12. dxe6 fxe6 13. Qxd8+ Kxd8 14. Ng5 bxc3
15. Nf7+ Ke7 16. Nxh8 Nbd7 17. Re1 cxb2 18. Rxe6+ Kd8 19. Bxb2 Nc5 20. Nf7+ Kc7
21. Be5+ Kc8 22. Rc1 Kd7 23. Rd1+ 1-0

[Event "QA-ANNIV-05"]
[Site "http://www.queenalice.com/game.php?id=841361"]
[Date "2010.10.3"]
[Round "6"]
[White "ads"]
[Black "Sidinei"]
[Result "1/2-1/2"]
[WhiteElo "2589"]
[BlackElo "2573"]

1. e4 e6 2. d4 d5 3. e5 c5 4. c3 Qb6 5. Nf3 Nc6 6. Bd3 cxd4 7. cxd4 Bd7 8. O-O
Nxd4 9. Nbd2 Bc5 10. b4 Nxf3+ 11. Nxf3 Qxb4 12. Rb1 Qa4 13. Qxa4 Bxa4 14. Rxb7
Ne7 15. Bb2 Bc6 16. Rb3 Bb6 17. Rc1 Ba4 18. Ra3 Bd7 19. Bd4 O-O 20. Bxb6 axb6
21. Rxa8 Rxa8 22. Rc7 Rd8 23. Rb7 b5 24. g3 Ng6 25. Ra7 Bc6 26. Ra6 Be8 27. Kf1
Rb8 28. Ke2 b4 29. Ra7 Kf8 30. Bxg6 hxg6 31. h4 b3 32. axb3 Rxb3 33. Nd4 Rb8 34.
Ke3 Rc8 35. Ke2 Rc4 36. Kd3 Ra4 37. Rxa4 Bxa4 38. f4 Ke7 39. Ke2 Kd7 40. Ke3 Kc7
41. Kd3 Be8 42. Kc3 Bd7 43. Kd2 Kb6 44. Kc3 Kc5 45. Nb3+ Kb5 46. Nd4+ Ka4 47.
Nb3 Bc6 48. Nd4 Be8 49. g4 Bd7 50. Nf3 Kb5 51. Nd4+ Kc5 52. Nb3+ Kb6 53. Nd4 Kb7
54. Kb4 Kc8 55. Kc5 Kc7 56. g5 Kd8 57. Kd6 Ke8 58. Nb3 Ba4 59. Nd4 Bd1 60. Nc6
Bc2 61. Nd4 1/2-1/2

[Event "QA-ANNIV-05"]
[Site "http://www.queenalice.com/game.php?id=921210"]
[Date "2011.4.3"]
[Round "8"]
[White "ads"]
[Black "darewing"]
[Result "1/2-1/2"]
[WhiteElo "2587"]
[BlackElo "2470"]

1. e4 c5 2. Nf3 d6 3. d4 cxd4 4. Nxd4 Nf6 5. Nc3 a6 6. Be3 Ng4 7. Bg5 h6 8. Bh4
g5 9. Bg3 Bg7 10. Be2 h5 11. Bxg4 hxg4 12. Nd5 Nc6 13. Nf5 Bxf5 14. exf5 Bxb2
15. Rb1 Qa5+ 16. Qd2 Bd4 17. Qxa5 Nxa5 18. c3 Bf6 19. O-O Rd8 20. Rfe1 Kd7 21.
Rb6 Rh6 22. Rb4 b5 23. Rxg4 Nc4 24. a4 Rhh8 25. f4 gxf4 26. Nxf6+ exf6 27. Rxf4
Rde8 28. Rxe8 Rxe8 29. axb5 axb5 30. Bf2 Nd2 31. Bd4 Ne4 32. Rf1 Ra8 33. Re1 d5
34. h3 Rc8 35. Re3 1/2-1/2

[Event "QA-ANNIV-06"]
[Site "http://www.queenalice.com/game.php?id=924409"]
[Date "2011.4.10"]
[Round "4"]
[White "ads"]
[Black "gaspar"]
[Result "1-0"]
[WhiteElo "2585"]
[BlackElo "1988"]

1. Nf3 d5 2. c4 e6 3. d4 Nf6 4. Nc3 Be7 5. Bf4 O-O 6. e3 Nbd7 7. c5 c6 8. Bd3 b6
9. b4 a5 10. a3 Ba6 11. O-O Qc8 12. h3 Bxd3 13. Qxd3 Qb7 14. Rfb1 axb4 15. axb4
Rxa1 16. Rxa1 Ra8 17. Qb1 Ra7 18. Rxa7 Qxa7 19. Qa2 Qb7 20. Qa4 b5 21. Qa5 h6
22. Nd2 Ne8 23. Nb3 Kh7 24. Ne2 f6 25. Bh2 g5 26. Nec1 Kg7 27. Nd3 Kf7 28. g4
Kg7 29. Kg2 Kg6 30. Bg3 Kf7 31. f3 Kg6 32. e4 Kf7 33. Ne1 Kg6 34. Nc2 Qc8 35.
Qa7 f5 36. gxf5+ exf5 37. exd5 cxd5 38. Na5 Bd6 39. Bxd6 Nxd6 40. Ne1 Nf7 41.
Nd3 Nf6 42. Qe7 Qe8 43. Ne5+ Nxe5 44. Qxe5 Qxe5 45. dxe5 Ne8 46. Nb3 Nc7 47. Nd4
f4 48. Kf2 Kf7 49. Ke2 Ke7 50. Kd2 Ke8 51. Kc3 Kd7 52. c6+ Ke7 53. Ne2 Ne6 54.
Kd3 h5 55. Nd4 Nc7 56. Kc3 Kd8 57. Kc2 Ke8 58. Kd2 Kd8 59. Ke2 Ke8 60. Kf2 Kf7
61. Kg2 Kg6 62. Kf1 Kf7 63. Kf2 Ke7 64. Kg2 Kf7 65. h4 gxh4 66. Kh3 Kg7 67. Kxh4
Kh6 68. Ne2 Ne6 69. Nc1 Kg6 70. Nd3 Kh6 71. Nc5 Nc7 72. e6 Kg6 73. e7 Kf7 74.
Kxh5 1-0

[Event "QA-ANNIV-06"]
[Site "http://www.queenalice.com/game.php?id=967023"]
[Date "2011.7.31"]
[Round "5"]
[White "leeroy"]
[Black "ads"]
[Result "0-1"]
[WhiteElo "2091"]
[BlackElo "2591"]

1. d4 e6 2. e4 d5 3. e5 c5 4. c3 Nc6 5. Bb5 Qa5 6. Bxc6+ bxc6 7. dxc5 Qxc5 8.
Be3 Qb5 9. a4 Qxb2 10. Nd2 Qxc3 11. Nf3 Ne7 12. O-O Nf5 13. Qe2 Nxe3 14. fxe3
Bc5 15. Kf2 Ba3 16. Ra2 Be7 17. a5 O-O 18. Rb1 f6 19. Rb3 Qc5 20. g3 fxe5 21.
Kg2 e4 22. Nd4 Qd6 23. Rc3 c5 24. N4b3 c4 25. Nc1 Rb8 26. Nxc4 dxc4 27. Qxc4 Ba6
28. Qc7 Bf1+ 29. Kh1 Qd1 0-1

[Event "QA-ANNIV-05"]
[Site "http://www.queenalice.com/game.php?id=983086"]
[Date "2011.9.9"]
[Round "10"]
[White "csparrow"]
[Black "ads"]
[Result "1/2-1/2"]
[WhiteElo "2610"]
[BlackElo "2592"]

1. Nf3 c6 2. c4 d5 3. d4 Nf6 4. Nc3 dxc4 5. a4 Bf5 6. Nh4 Bg4 7. h3 Bh5 8. g4
Bg6 9. Nxg6 hxg6 10. e3 e6 11. Bxc4 Bb4 12. Kf1 Nbd7 13. Kg2 Qc7 14. Qf3 Rd8 15.
h4 Nb6 16. Be2 Nc8 17. g5 Nh5 18. Rd1 Ne7 19. Qg4 Nf5 20. Bd2 a6 21. Kg1 Nf4 22.
exf4 Rxh4 23. Qg2 Bd6 24. Bg4 Bxf4 25. Ne2 Bxd2 26. Rxd2 Qe7 27. Bxf5 gxf5 28.
Rd3 Rg4 29. Rg3 Qxg5 30. Rxg4 fxg4 1/2-1/2